[Event "Tournoi Skype 031B"]
[Site "Skype"]
[Date "????.??.??"]
[Round "2.29"]
[White "Llabres, Sergio"]
[Black "Bosetti, Giancarlo"]
[Result "1-0"]
[WhiteElo "1181"]
[BlackElo "1000"]
[PlyCount "65"]

1. d4 Nf6 2. c4 e6 3. e3 d5 4. Nf3 Be7 5. Be2 Bd7 6. b3 Bc6 7. Nbd2 Nbd7 8. Ne5
Nxe5 9. dxe5 Nd7 10. Nf3 O-O 11. Bb2 f6 12. exf6 Bxf6 13. Bxf6 Nxf6 14. O-O Qe7
15. Ne5 Rad8 16. Nxc6 dxc4 17. Nxd8 Rxd8 18. Qc2 cxb3 19. Qxb3 b6 20. Bc4 Nd5
21. e4 c6 22. exd5 cxd5 23. Bd3 Rf8 24. Rae1 Rf6 25. Re5 Qd6 26. Rfe1 Qd7 27.
Qc2 g6 28. R1e3 Qd6 29. h4 Kg7 30. h5 Qf8 31. hxg6 hxg6 32. Rg5 Qf7 33. Reg3
1-0

[Event "Tournoi Skype 031B"]
[Site "Skype"]
[Date "????.??.??"]
[Round "2.32"]
[White "Skura, Simone"]
[Black "Barba Cepeda, Julio Cesar"]
[Result "1/2-1/2"]
[WhiteElo "1000"]
[BlackElo "1173"]
[PlyCount "109"]

1. e4 e5 2. Nf3 Nc6 3. d4 exd4 4. Nxd4 Bc5 5. Be3 Nxd4 6. Bxd4 Bxd4 7. Qxd4 Qf6
8. e5 Qg6 9. Na3 Ne7 10. Qc4 Nc6 11. Nb5 O-O 12. O-O-O Nxe5 13. Qxc7 Nc6 14.
Nd6 a5 15. Nxb7 Ra7 16. Bd3 Qh6+ 17. Kb1 Rxb7 18. Qg3 Nb4 19. Be4 Ra7 20. Rhe1
d5 21. Bxd5 Nxd5 22. Rxd5 Be6 23. Rd6 Raa8 24. c4 Rfd8 25. c5 Rxd6 26. cxd6 a4
27. Re3 Qg6+ 28. Qxg6 hxg6 29. b4 axb3 30. axb3 Kf8 31. b4 Ke8 32. b5 Kd7 33.
b6 Rd8 34. b7 Rb8 35. Kc2 Rxb7 36. Kc3 Rb6 37. f4 Rxd6 38. Re4 Rc6+ 39. Kd2 Rc4
40. Kd3 Rxe4 41. Kxe4 Kd6 42. Kd4 Bf5 43. h3 Ke6 44. g4 Bc2 45. h4 Bd1 46. g5
Bg4 47. Ke4 Bd1 48. Kd4 Kf5 49. Ke3 Kg4 50. Kd2 Ba4 51. Ke3 Kxh4 52. Kd4 Kg4
53. Ke5 Bd7 54. Kd6 Be6 55. Ke5 1/2-1/2

[Event "Tournoi Skype 031B"]
[Site "Skype"]
[Date "????.??.??"]
[Round "2.33"]
[White "Vargas, Elvin"]
[Black "Rosenkoetter, David"]
[Result "0-1"]
[WhiteElo "1000"]
[BlackElo "1169"]
[PlyCount "76"]

1. e4 c6 2. c4 d5 3. exd5 cxd5 4. d4 Nf6 5. Nc3 e6 6. Nf3 Bb4 7. Bd3 a6 8. Ne5
O-O 9. O-O Bxc3 10. bxc3 Nbd7 11. Ba3 Re8 12. Bd6 Ne4 13. Bxe4 dxe4 14. c5 Nf6
15. Ng4 b6 16. Nxf6+ Qxf6 17. cxb6 Bb7 18. Qg4 Qf5 19. Qg3 Kh8 20. Be5 f6 21.
Bf4 Qh5 22. c4 Rad8 23. Rad1 e5 24. Be3 Rd7 25. d5 Red8 26. h3 Rd6 27. Qh2 Bc6
28. h4 Qe8 29. g4 Qg6 30. h5 Qxg4+ 31. Kh1 Qf3+ 32. Kg1 Bb7 33. Qg2 Qxh5 34. f3
f5 35. fxe4 f4 36. Bc5 Rg6 37. Qxg6 Qxg6+ 38. Kh1 Qxe4+ 0-1

[Event "Tournoi Skype 031B"]
[Site "Skype"]
[Date "????.??.??"]
[Round "2.35"]
[White "Koohnavard, Neda"]
[Black "Bucherie, Volcy"]
[Result "1/2-1/2"]
[WhiteElo "1094"]
[BlackElo "1264"]
[PlyCount "112"]

1. e4 c6 2. d4 d5 3. Nc3 dxe4 4. Nxe4 Bf5 5. Bd3 h6 6. Nf6+ Nxf6 7. Bxf5 e6 8.
Bd3 Bd6 9. Nf3 O-O 10. O-O c5 11. h3 Nc6 12. c3 a6 13. Re1 b5 14. Be3 c4 15.
Bc2 Nd5 16. Be4 Qc7 17. Qd2 Nxe3 18. Qxe3 Rad8 19. Nd2 Rfe8 20. Qf3 e5 21. Bxc6
Re7 22. Nf1 exd4 23. cxd4 Bb4 24. Rxe7 Qxe7 25. Rd1 Rd6 26. Ng3 Re6 27. Nf5
Re1+ 28. Rxe1 Qxe1+ 29. Kh2 Qd2 30. Qg3 Qg5 31. Qxg5 hxg5 32. Bd5 Be1 33. f3
Bd2 34. Be4 Bb4 35. d5 g6 36. Nd4 Bd6+ 37. g3 Be5 38. Nc6 Bxb2 39. d6 Bf6 40.
d7 Kf8 41. d8=Q+ Bxd8 42. Nxd8 Ke7 43. Nc6+ Kd6 44. Kg2 f5 45. Bc2 Kxc6 46. g4
f4 47. Bxg6 Kc5 48. Kf2 Kb4 49. Ke2 Ka3 50. Kd2 Kxa2 51. Kc3 a5 52. Bc2 Ka3 53.
Bd1 Ka2 54. Bc2 Ka3 55. Bd1 Ka2 56. Bc2 Ka3 1/2-1/2

[Event "Tournoi Skype 031B"]
[Site "Skype"]
[Date "????.??.??"]
[Round "2.36"]
[White "Latterra, Jeremias"]
[Black "Busto, Ricardo"]
[Result "1-0"]
[WhiteElo "1047"]
[BlackElo "1194"]
[PlyCount "29"]

1. e4 c5 2. Nf3 d6 3. d4 Nf6 4. Nbd2 cxd4 5. Nxd4 a6 6. a4 e5 7. Nf5 g6 8. Ne3
Be6 9. Bc4 Qd7 10. Bxe6 Qxe6 11. O-O Be7 12. Ndc4 Nc6 13. Nd5 Rc8 14. Ncb6 Rd8
15. Nc7+ 1-0

[Event "Tournoi Skype 031B"]
[Site "Skype"]
[Date "????.??.??"]
[Round "2.37"]
[White "Balci Gungor, Ayca"]
[Black "De Souza, Luciano"]
[Result "0-1"]
[WhiteElo "1145"]
[BlackElo "1000"]
[PlyCount "58"]

1. e4 c5 2. Bc4 d6 3. d3 Nc6 4. Be3 e6 5. f4 d5 6. Bb3 dxe4 7. dxe4 Qxd1+ 8.
Kxd1 b5 9. c3 Nf6 10. Nd2 Bd6 11. Kc2 O-O 12. Rf1 c4 13. Ngf3 cxb3+ 14. axb3
Bb7 15. e5 Nd5 16. Bf2 Be7 17. Ne4 Nxf4 18. Bg3 Nb4+ 19. cxb4 Bxe4+ 20. Kd1 Nd3
21. Nd4 Bxg2 22. Rf3 Bxf3+ 23. Kd2 Bxh1 24. Kxd3 Rfd8 25. Kc3 Rac8+ 26. Kd3
Bxb4 27. Bf2 a6 28. Ke3 Rd5 29. Bg3 Bc5 0-1

[Event "Tournoi Skype 031B"]
[Site "Skype"]
[Date "????.??.??"]
[Round "2.39"]
[White "Grib, Jessica"]
[Black "Scata, Laura"]
[Result "0-1"]
[WhiteElo "1012"]
[BlackElo "1370"]
[PlyCount "84"]

1. e4 c6 2. d4 d5 3. exd5 cxd5 4. Nc3 Nc6 5. Bb5 a6 6. Ba4 b5 7. Bb3 Nf6 8. Nf3
Bg4 9. h3 Bxf3 10. gxf3 Qb6 11. Nxd5 Nxd5 12. Bxd5 e6 13. Bxc6+ Qxc6 14. Be3 g6
15. c3 Bg7 16. a3 O-O 17. Qd3 Rfd8 18. Rd1 Qxf3 19. Rg1 Qd5 20. h4 h5 21. Ke2
Qb3 22. Rd2 Bf6 23. Rh1 Qd5 24. f3 Re8 25. Rh3 Rad8 26. f4 Qg2+ 27. Bf2 Qg4+
28. Qf3 Qf5 29. Rd1 Be7 30. Rg3 Bd6 31. Be3 Qc2+ 32. Rd2 Qb3 33. Qc6 Qc4+ 34.
Qxc4 bxc4 35. Kf1 Rb8 36. Rdg2 Rb3 37. Bc1 Kg7 38. Rg5 Be7 39. Ra5 Rb6 40. f5
exf5 41. Rxf5 Bxh4 42. Rxh5 Re1# 0-1

[Event "Tournoi Skype 031B"]
[Site "Skype"]
[Date "????.??.??"]
[Round "2.40"]
[White "Jacinto Sebastian, Carlos Ivan"]
[Black "Prieto Umba, Jairo Ovidio"]
[Result "0-1"]
[WhiteElo "1003"]
[BlackElo "1317"]
[PlyCount "36"]

1. d4 d5 2. Bf4 Bf5 3. Nc3 e6 4. Nb5 Bd6 5. Qd2 a6 6. Qa5 Bxf4 7. e3 Nc6 8. Qa3
axb5 9. Qb3 Bd6 10. Qxb5 Rb8 11. O-O-O Nf6 12. Nf3 Ne4 13. Nh4 Qxh4 14. g3 Qh6
15. h4 Nxf2 16. Bd3 Qxe3+ 17. Kb1 Nxh1 18. Re1 Qxe1# 0-1

[Event "Tournoi Skype 031B"]
[Site "Skype"]
[Date "????.??.??"]
[Round "2.41"]
[White "Ponz Lazaro, Ruperto"]
[Black "Alcaraz Acosta, Luisa Montserrat"]
[Result "1-0"]
[WhiteElo "1312"]
[BlackElo "1000"]
[PlyCount "57"]

1. d4 e6 2. Nf3 d5 3. e3 c5 4. c3 Nc6 5. Bd3 Nge7 6. Nbd2 Bd7 7. O-O Qb6 8.
dxc5 Qc7 9. e4 d4 10. cxd4 g6 11. Nc4 Bg7 12. e5 O-O-O 13. Nd6+ Kb8 14. Nxf7
Rdf8 15. Nxh8 Bxh8 16. Bd2 Nf5 17. b4 Nfxd4 18. Nxd4 Nxd4 19. f4 Bc6 20. Bc3 b6
21. Bxd4 Qb7 22. Qe2 Bg7 23. b5 Bd5 24. cxb6 axb6 25. Bc4 Bxg2 26. Qxg2 Qc8 27.
Qc6 Qd8 28. Qxb6+ Ka8 29. Qa7# 1-0

[Event "Tournoi Skype 031B"]
[Site "Skype"]
[Date "????.??.??"]
[Round "2.43"]
[White "Codina, Teresa"]
[Black "Baratta, Giuseppe"]
[Result "1-0"]
[WhiteElo "1274"]
[BlackElo "1000"]
[PlyCount "95"]

1. d4 d5 2. Nf3 Bf5 3. b3 e6 4. Bb2 Nc6 5. a3 Be7 6. e3 Nf6 7. Bd3 Bxd3 8. Qxd3
O-O 9. O-O Ne4 10. Nbd2 e5 11. dxe5 Nxd2 12. Qxd2 Bc5 13. Rad1 Bb6 14. Qc1 d4
15. c4 Re8 16. exd4 Bxd4 17. Nxd4 Nxd4 18. Bxd4 Qe7 19. Rfe1 Qe6 20. f4 c5 21.
Bf2 Rad8 22. h3 b6 23. a4 Rxd1 24. Qxd1 a6 25. Qd5 Qe7 26. Qc6 a5 27. Qxb6 Qd8
28. Bxc5 Qxb6 29. Bxb6 Rb8 30. c5 g6 31. h4 Kg7 32. g3 Rb7 33. Rd1 Re7 34. Bxa5
f6 35. c6 fxe5 36. fxe5 Rxe5 37. Rd7+ Kh6 38. Bd8 Re1+ 39. Kf2 Re5 40. c7 Rc5
41. b4 Rc6 42. b5 Rc2+ 43. Kf3 Rc3+ 44. Kg2 Kh5 45. b6 Rc2+ 46. Kf3 Rb2 47.
c8=Q Rxb6 48. Bxb6 1-0

[Event "Tournoi Skype 031B"]
[Site "Skype"]
[Date "????.??.??"]
[Round "2.44"]
[White "Barrera Mendoza, Carlos"]
[Black "Dhobe, Geetanjali"]
[Result "0-1"]
[WhiteElo "1240"]
[BlackElo "1000"]
[PlyCount "44"]

1. e4 e5 2. Nf3 Nc6 3. Nc3 Nf6 4. Bb5 Nd4 5. Bc4 c6 6. Nxe5 d5 7. exd5 Bd6 8.
Nf3 Nxf3+ 9. Qxf3 O-O 10. O-O Ng4 11. g3 Nxh2 12. Kxh2 Re8 13. dxc6 bxc6 14.
Bxf7+ Kh8 15. Bxe8 Qxe8 16. Qxc6 Qxc6 17. d4 Bd7 18. Be3 Qf3 19. Rae1 Qh5+ 20.
Kg1 Qh3 21. d5 Bg4 22. Bxa7 Bf3 0-1

[Event "Tournoi Skype 031B"]
[Site "Skype"]
[Date "????.??.??"]
[Round "2.45"]
[White "Battaglia, Gabriele"]
[Black "Bondone, Silvestre"]
[Result "1-0"]
[WhiteElo "1228"]
[BlackElo "1000"]
[PlyCount "27"]

1. c4 e5 2. Nc3 d6 3. e3 Be6 4. g3 Nd7 5. b3 Qe7 6. Bg2 O-O-O 7. Qf3 c6 8. Nb5
a6 9. Na7+ Kb8 10. Nxc6+ bxc6 11. Qxc6 d5 12. cxd5 Bf5 13. d6 Qe6 14. Qb7# 1-0

[Event "Tournoi Skype 031B"]
[Site "Skype"]
[Date "????.??.??"]
[Round "2.47"]
[White "Carias, Nancy"]
[Black "Milanese, Serge"]
[Result "0-1"]
[WhiteElo "1000"]
[BlackElo "1202"]
[PlyCount "62"]

1. d4 Nf6 2. f4 e6 3. Nf3 d5 4. e3 Nc6 5. c3 a6 6. Bd3 h6 7. O-O Be7 8. Qe2 Ne4
9. b4 O-O 10. g4 f5 11. Qg2 Nf6 12. Nbd2 Nxg4 13. h3 Nxe3 14. Re1 Nxg2 15. Kxg2
Bd7 16. Rh1 Bh4 17. Nxh4 Qxh4 18. Nf3 Qf6 19. Ba3 Rf7 20. Rag1 Nd8 21. h4 g6
22. c4 dxc4 23. Bxc4 Bb5 24. Bb3 Bc6 25. d5 Bxd5 26. Bxd5 exd5 27. Rh2 Ne6 28.
Bc1 Nd4 29. a4 Nxf3 30. Rh3 Nxg1 31. Kxg1 Qa1 0-1

[Event "Tournoi Skype 031B"]
[Site "Skype"]
[Date "????.??.??"]
[Round "2.48"]
[White "Cassano, Mariangela"]
[Black "Ruiz Gomez, Luz Alba"]
[Result "0-1"]
[WhiteElo "1000"]
[BlackElo "1201"]
[PlyCount "82"]

1. d4 d5 2. e3 Nf6 3. Bb5+ Nc6 4. Nf3 a6 5. Bd3 e6 6. O-O Be7 7. Nc3 O-O 8. Ne2
Bd6 9. c4 dxc4 10. Bxc4 Ne4 11. d5 Ne5 12. b3 Nxf3+ 13. gxf3 Qh4 14. Ng3 Nxg3
15. fxg3 Qh3 16. Re1 exd5 17. Bxd5 Rb8 18. e4 Be5 19. Rb1 c6 20. Bc4 Bd7 21.
Be3 Rbe8 22. Re2 Be6 23. Qd3 b5 24. Bd4 Bxc4 25. bxc4 Qh5 26. g4 Qg6 27. Bxe5
Rxe5 28. cxb5 axb5 29. a4 bxa4 30. Ra1 Ra8 31. Qc3 Qd6 32. f4 Rc5 33. Qe3 Rc4
34. Rd2 Qb4 35. Rdd1 Rxe4 36. Qd3 h6 37. Re1 Rxe1+ 38. Rxe1 Qxe1+ 39. Qf1 Qe3+
40. Kg2 a3 41. Qb5 cxb5 0-1

[Event "Tournoi Skype 031B"]
[Site "Skype"]
[Date "????.??.??"]
[Round "2.49"]
[White "Dodi, Roberto"]
[Black "Radice, Marco"]
[Result "0-1"]
[WhiteElo "1000"]
[BlackElo "1198"]
[PlyCount "42"]

1. d4 Nf6 2. Bf4 d6 3. e3 g6 4. Nf3 Bg7 5. c3 O-O 6. Bd3 Nbd7 7. Nbd2 Nh5 8.
Ng5 Nxf4 9. exf4 e5 10. fxe5 Qxg5 11. Nf3 Qxg2 12. Rf1 dxe5 13. d5 Re8 14. Nd2
Nc5 15. Qe2 Nxd3+ 16. Qxd3 e4 17. Qe3 b6 18. O-O-O Qxh2 19. Rh1 Qd6 20. c4 Qb4
21. Kb1 Qxb2# 0-1

[Event "Tournoi Skype 031B"]
[Site "Skype"]
[Date "????.??.??"]
[Round "2.50"]
[White "Yepez, German"]
[Black "Fabre, Gregory"]
[Result "0-1"]
[WhiteElo "1171"]
[BlackElo "1000"]
[PlyCount "94"]

1. e4 d5 2. exd5 Qxd5 3. Nf3 Qa5 4. c3 Bf5 5. d4 Nf6 6. Nbd2 h6 7. Bc4 Nc6 8.
O-O O-O-O 9. Bxf7 Rd7 10. Qb3 e6 11. Bxe6 Bxe6 12. Qxe6 Be7 13. Nc4 Qa6 14.
Nce5 Rhd8 15. Nxd7 Rxd7 16. Ne5 Nxe5 17. Qxa6 bxa6 18. dxe5 Ng4 19. f4 Bc5+ 20.
Kh1 Rf7 21. h3 Nf2+ 22. Kh2 Nd3 23. b4 Be7 24. e6 Rf6 25. f5 g6 26. g4 gxf5 27.
gxf5 Bd6+ 28. Kg2 c5 29. a3 h5 30. Bg5 Rf8 31. f6 h4 32. e7 Rg8 33. Rf5 Kd7 34.
Rd1 Nb2 35. Rdd5 cxb4 36. axb4 Rc8 37. Bd2 a5 38. bxa5 Nc4 39. Bf4 Rb8 40. Bxd6
Rb1 41. Rh5 Ne3+ 42. Kf3 Nxd5 43. Rh7 Kxd6 44. e8=Q Rf1+ 45. Kg2 Rxf6 46. Qe7+
Nxe7 47. Rxe7 Kxe7 0-1

[Event "Tournoi Skype 031B"]
[Site "Skype"]
[Date "????.??.??"]
[Round "2.51"]
[White "Flores, Carlos"]
[Black "Gomez Zuluaga, Jorge Adiel"]
[Result "0-1"]
[WhiteElo "1000"]
[BlackElo "1161"]
[PlyCount "57"]

1. e4 b6 2. d4 e6 3. Nf3 c6 4. a3 Ba6 5. Bd3 Be7 6. O-O Nf6 7. e5 Ng8 8. c3 d5
9. exd6 Bxd6 10. Re1 Nf6 11. Bc2 Nbd7 12. h3 Nd5 13. Nbd2 N7f6 14. c4 Nf4 15.
Ne4 Nxe4 16. Bxe4 Bb7 17. Qb3 Rb8 18. Qa4 Qc8 19. Qxa7 Bc7 20. Qa4 Bd6 21. Bxf4
Bxf4 22. d5 O-O 23. dxe6 fxe6 24. c5 Ra8 25. Bxh7+ Kxh7 26. Qe4+ Kg8 27. cxb6
c5 28. Qf5 exf5 29. g3 0-1

[Event "Tournoi Skype 031B"]
[Site "Skype"]
[Date "????.??.??"]
[Round "2.52"]
[White "Fuentes, Francisco"]
[Black "Reese, Evan"]
[Result "0-1"]
[WhiteElo "1000"]
[BlackElo "1114"]
[PlyCount "88"]

1. e4 e5 2. Nf3 g6 3. c3 Bg7 4. Bc4 Ne7 5. d4 Nbc6 6. d5 Na5 7. Be2 O-O 8. Be3
d6 9. O-O c6 10. c4 cxd5 11. cxd5 b6 12. Nbd2 Bb7 13. h3 Rc8 14. a4 f5 15. Bd3
f4 16. Nc4 fxe3 17. Nxe3 Ba8 18. Ng5 Nxd5 19. Nxd5 Qxg5 20. Ne3 Nc6 21. Qg4 Qf4
22. Qf3 Nd4 23. Qxf4 exf4 24. Ng4 d5 25. f3 Nc2 26. Rac1 Bd4+ 27. Kh2 Bxb2 28.
Rxc2 Rxc2 29. Bxc2 Bc6 30. Nf2 a6 31. Nd1 Be5 32. Nf2 Kg7 33. Rb1 b5 34. a5 h5
35. Nd3 dxe4 36. Nxe5 Bd5 37. fxe4 Be6 38. Nf3 g5 39. e5 g4 40. Ng5 g3+ 41. Kg1
Bd5 42. e6 Rc8 43. Be4 Ba2 44. Rb2 Rc1# 0-1

[Event "Tournoi Skype 031B"]
[Site "Skype"]
[Date "????.??.??"]
[Round "2.53"]
[White "Colangelo, Michele"]
[Black "Gagnon, Sindy"]
[Result "1-0"]
[WhiteElo "1108"]
[BlackElo "1000"]
[PlyCount "63"]

1. e4 e5 2. Nf3 Nf6 3. Nc3 d6 4. h3 Be6 5. d4 exd4 6. Nxd4 d5 7. exd5 Bxd5 8.
Qe2+ Be7 9. Nf5 O-O 10. Nxe7+ Kh8 11. Ncxd5 Nxd5 12. Nxd5 Qxd5 13. Qd3 Qe6+ 14.
Be2 g6 15. O-O Nc6 16. Re1 Rfe8 17. Be3 Qf6 18. c3 Rad8 19. Qc2 b6 20. Bb5 Re6
21. Bxc6 Rxc6 22. Bd4 Rxd4 23. Rad1 Rf4 24. Re4 Rh4 25. Rxh4 Qxh4 26. Qe2 Re6
27. Qd2 Rf6 28. Qd4 c5 29. Qxh4 g5 30. Qg3 h6 31. Qe5 Kg7 32. Rd6 1-0

[Event "Tournoi Skype 031B"]
[Site "Skype"]
[Date "????.??.??"]
[Round "2.54"]
[White "Lai, Mattia"]
[Black "Lecluyse, Koenraad"]
[Result "0-1"]
[WhiteElo "1000"]
[BlackElo "1096"]
[PlyCount "60"]

1. d4 d5 2. Nf3 Nf6 3. c4 c6 4. Nc3 e6 5. e3 Bd6 6. Bd3 O-O 7. O-O Nbd7 8. e4
e5 9. dxe5 Bxe5 10. Nxe5 Nxe5 11. Be2 Nxe4 12. Nxe4 dxe4 13. Qc2 Bf5 14. Bf4
Re8 15. Rad1 Qb6 16. c5 Qc7 17. f3 exf3 18. Qxf5 fxe2 19. Bxe5 Rxe5 20. Qf4
exd1=Q 21. Rxd1 Rae8 22. Qf2 Re2 23. Qf1 Rxb2 24. g3 Qa5 25. Rd7 Qxc5+ 26. Kh1
Rf2 27. Qg1 h6 28. h4 Qf5 29. Rd1 Qh3+ 30. Qh2 Qxh2# 0-1

[Event "Tournoi Skype 031B"]
[Site "Skype"]
[Date "????.??.??"]
[Round "2.55"]
[White "Jimenez Del Rosario, Alsis Raynely"]
[Black "Marin Gomez, Ian Javier"]
[Result "1-0"]
[WhiteElo "1093"]
[BlackElo "1000"]
[PlyCount "41"]

1. d4 d5 2. Nc3 c6 3. e4 Nf6 4. e5 Ne4 5. Nxe4 dxe4 6. Bc4 Bf5 7. d5 Nd7 8.
dxc6 bxc6 9. Be3 e6 10. Qd4 Bc5 11. Qc3 Bxe3 12. Qxe3 Nxe5 13. Bb3 O-O 14. f3
Qd7 15. fxe4 Bg6 16. Qf4 Qd6 17. Rd1 Qc7 18. Ne2 Rad8 19. O-O Rd7 20. Bxe6 fxe6
21. Qxf8# 1-0

[Event "Tournoi Skype 031B"]
[Site "Skype"]
[Date "????.??.??"]
[Round "2.57"]
[White "Mfengu, Daluthando"]
[Black "Martinez, Orlando"]
[Result "1-0"]
[WhiteElo "1082"]
[BlackElo "1000"]
[PlyCount "59"]

1. e4 e5 2. Nf3 Nc6 3. Bb5 a6 4. Bxc6 dxc6 5. Nxe5 Nf6 6. Nc3 Bc5 7. O-O O-O 8.
d4 Bxd4 9. Nf3 Bg4 10. Qxd4 Qe7 11. Re1 Rad8 12. Qe5 Rfe8 13. Qxe7 Rxe7 14. e5
Nh5 15. Bg5 f6 16. exf6 Rxe1+ 17. Nxe1 h6 18. f7+ Kxf7 19. Bxd8 Nf4 20. f3 Ne2+
21. Nxe2 Bh5 22. g4 Bg6 23. c3 Ke8 24. Bxc7 c5 25. Rd1 c4 26. Rd8+ Ke7 27. Nf4
Kf6 28. Rd6+ Kg5 29. Nxg6 h5 30. h4+ 1-0

[Event "Tournoi Skype 031B"]
[Site "Skype"]
[Date "????.??.??"]
[Round "2.59"]
[White "Hernandez Lopez, Joaquin"]
[Black "Micocci, Lucia"]
[Result "1-0"]
[WhiteElo "1066"]
[BlackElo "1000"]
[PlyCount "47"]

1. e4 e5 2. Nf3 Nc6 3. Bc4 Bc5 4. c3 d6 5. d4 exd4 6. cxd4 Bb6 7. Bg5 Nf6 8.
Nc3 O-O 9. Qe2 Bg4 10. h3 Bh5 11. g4 Bg6 12. O-O-O Qd7 13. e5 dxe5 14. dxe5 Ne8
15. Rxd7 h6 16. Bf4 Bc5 17. Nd5 Rc8 18. Be3 Nxe5 19. Nxe5 b6 20. Ne7+ Bxe7 21.
Rxe7 Nd6 22. Bb3 Be4 23. f3 Kh7 24. fxe4 1-0

[Event "Tournoi Skype 031B"]
[Site "Skype"]
[Date "????.??.??"]
[Round "2.60"]
[White "Molina, Maria Lucia"]
[Black "Maccaferri, Massimo"]
[Result "0-1"]
[WhiteElo "1000"]
[BlackElo "1052"]
[PlyCount "38"]

1. d4 e5 2. Nf3 Nc6 3. e3 Qe7 4. Nbd2 exd4 5. Nxd4 Nxd4 6. Bd3 Qg5 7. g3 d5 8.
c3 Bg4 9. Nf3 Nxf3+ 10. Kf1 Nxh2+ 11. Rxh2 Bxd1 12. Bb5+ c6 13. Ba4 Bd6 14. Ke1
Nf6 15. Kxd1 Ne4 16. Rh1 Qg4+ 17. Kc2 Qf3 18. Rg1 Qxf2+ 19. Kb1 Qxg1 0-1

[Event "Tournoi Skype 031B"]
[Site "Skype"]
[Date "????.??.??"]
[Round "2.61"]
[White "Schuh, David"]
[Black "Ndlovu, Jonas"]
[Result "0-1"]
[WhiteElo "1052"]
[BlackElo "1000"]
[PlyCount "48"]

1. d4 d5 2. c4 c6 3. Nc3 Nf6 4. Nf3 e6 5. e3 dxc4 6. Bxc4 b5 7. Bd3 Bb4 8. Bd2
O-O 9. a3 Bd6 10. b4 Nbd7 11. Qc2 e5 12. dxe5 Nxe5 13. Nxe5 a5 14. Nf3 axb4 15.
Ne4 Be6 16. Rb1 bxa3 17. Nxf6+ Qxf6 18. O-O a2 19. Ra1 Ra3 20. Qxc6 Rxd3 21.
Rfc1 Ba3 22. Bc3 Bxc1 23. Bxf6 Rd1+ 24. Ne1 Rxe1# 0-1

[Event "Tournoi Skype 031B"]
[Site "Skype"]
[Date "????.??.??"]
[Round "2.62"]
[White "Tolaro, Filippa"]
[Black "Ricord, Gerardo"]
[Result "1-0"]
[WhiteElo "1048"]
[BlackElo "1000"]
[PlyCount "85"]

1. Nf3 Nc6 2. d4 d5 3. b3 e6 4. Bb2 Bb4+ 5. Nbd2 Nf6 6. a3 Ba5 7. b4 Bb6 8. e3
a6 9. c4 dxc4 10. Nxc4 Ba7 11. Nce5 Nxe5 12. Nxe5 O-O 13. Bc4 Qe7 14. O-O b5
15. Nc6 Qd6 16. Nxa7 Rxa7 17. Bd3 Bb7 18. f4 Qd5 19. Qf3 Qd6 20. e4 a5 21. d5
Nxd5 22. exd5 Bxd5 23. Qg3 f6 24. Qh3 Bxg2 25. Qxh7+ Kf7 26. Qg6+ Ke7 27. Qxg2
Qxd3 28. Qxg7+ Kd6 29. Qxf8+ Kc6 30. Rac1+ Kb7 31. Qxf6 Qe3+ 32. Kg2 Qe4+ 33.
Kf2 axb4 34. Qd8 Qxf4+ 35. Kg2 Qe4+ 36. Kg3 Qg6+ 37. Kf3 Qh5+ 38. Ke4 Qg4+ 39.
Rf4 Qg2+ 40. Ke5 Qxb2+ 41. Kxe6 Qxc1 42. Qd5+ c6 43. Qd7+ 1-0

[Event "Tournoi Skype 031B"]
[Site "Skype"]
[Date "????.??.??"]
[Round "2.63"]
[White "Rodgerson, Michael"]
[Black "Ibanez, Bittor"]
[Result "0-1"]
[WhiteElo "1000"]
[BlackElo "1047"]
[PlyCount "56"]

1. e4 c5 2. Nf3 a6 3. d4 cxd4 4. Nxd4 e5 5. Nf3 d6 6. Bd3 Be7 7. O-O Nf6 8. Bd2
O-O 9. Nc3 Nbd7 10. Qe2 Nc5 11. Rad1 Bg4 12. Qe3 Qd7 13. Rfe1 Ne6 14. b4 Nd4
15. Nxd4 Bxd1 16. Rxd1 exd4 17. Qxd4 Ng4 18. Be2 Bf6 19. Qd5 Be5 20. Bc4 Bxh2+
21. Kf1 Nf6 22. Rb1 Nxd5 23. Bxd5 Rac8 24. Rb3 Be5 25. a4 Bxc3 26. Bxc3 Qxa4
27. Rb2 Rxc3 28. Bxb7 Qa1+ 0-1

[Event "Tournoi Skype 031B"]
[Site "Skype"]
[Date "????.??.??"]
[Round "2.64"]
[White "Samudio Villarreal, Eduardo"]
[Black "Chamorro Cajina, Ivan Antonio"]
[Result "0-1"]
[WhiteElo "1000"]
[BlackElo "1045"]
[PlyCount "120"]

1. e3 c5 2. c4 g6 3. Nc3 Bg7 4. Be2 e6 5. b3 d5 6. Bb2 d4 7. Ne4 Na6 8. Qc2 Nb4
9. Qb1 b6 10. a3 Nc6 11. Nf3 Bb7 12. h3 Na5 13. Ng3 Nxb3 14. Ra2 Nf6 15. Qc2
Na5 16. Qa4+ Bc6 17. Qc2 Nd7 18. O-O O-O 19. exd4 cxd4 20. Nxd4 Bxd4 21. Bxd4
e5 22. Be3 f5 23. Bh6 Re8 24. a4 Qh4 25. Be3 f4 26. Bf3 Bxf3 27. gxf3 fxe3 28.
dxe3 Rac8 29. Rd1 Rxc4 30. Qd3 Nc5 31. Qd5+ Kf8 32. Qd6+ Kg7 33. Qc7+ Kh6 34.
Qxa7 e4 35. f4 Nd3 36. Kg2 Nb3 37. f5 gxf5 38. Qxb6+ Kg5 39. Qxb3 Rec8 40. Rad2
f4 41. Nxe4+ Rxe4 42. Rxd3 f3+ 43. Kf1 Qxh3+ 44. Ke1 Rg4 45. Kd2 Rg2 46. Rc3
Rxf2+ 47. Kd3 Rd8+ 48. Kc4 Qe6+ 49. Kb4 Rb8+ 50. Ka3 Rxb3+ 51. Rxb3 Qe7+ 52.
Rb4 Qxe3+ 53. Rb3 Qc5+ 54. Rb4 Re2 55. Rdd4 Qc3+ 56. Rb3 Qxd4 57. Rb4 Qa1+ 58.
Kb3 Qb2+ 59. Kc4 Re4+ 60. Kb5 Qxb4+ 0-1

[Event "Tournoi Skype 031B"]
[Site "Skype"]
[Date "????.??.??"]
[Round "2.66"]
[White "Schnell, Nicolas"]
[Black "Santa Cruz, Oscar Ruben"]
[Result "1/2-1/2"]
[WhiteElo "1035"]
[BlackElo "1000"]
[PlyCount "41"]

1. e4 e6 2. Nf3 d5 3. Nc3 dxe4 4. Nxe4 Nd7 5. Bb5 Ngf6 6. d3 c6 7. Ba4 Nxe4 8.
dxe4 Qa5+ 9. c3 Nc5 10. Bc2 Be7 11. Ng5 Nxe4 12. Nxe4 Qd5 13. Qf3 O-O 14. Bg5
Bxg5 15. Nf6+ Bxf6 16. O-O Qxf3 17. gxf3 Rd8 18. Rad1 Bd7 19. f4 e5 20. f5 Bxf5
21. Bxf5 1/2-1/2

[Event "Tournoi Skype 031B"]
[Site "Skype"]
[Date "????.??.??"]
[Round "2.67"]
[White "Gerbaux, Regis"]
[Black "Schllosser, Marcos Antonio"]
[Result "1-0"]
[WhiteElo "1024"]
[BlackElo "1000"]
[PlyCount "35"]

1. d4 d6 2. e4 g6 3. Nf3 Bg7 4. Nc3 c6 5. Bf4 Nf6 6. e5 dxe5 7. dxe5 Qc7 8. Qd2
O-O 9. exf6 exf6 10. Bxc7 Re8+ 11. Be2 Nd7 12. O-O b5 13. Nd4 a6 14. Nxc6 f5
15. Bf3 a5 16. Ne7+ Kf8 17. Bxa8 Kxe7 18. Qd6# 1-0

[Event "Tournoi Skype 031B"]
[Site "Skype"]
[Date "????.??.??"]
[Round "3.1"]
[White "De Nobrega, George"]
[Black "Cockayne, Curtis"]
[Result "1/2-1/2"]
[WhiteElo "1181"]
[BlackElo "1383"]
[PlyCount "152"]

1. e4 e5 2. Nf3 Nc6 3. Bc4 f5 4. d3 Nf6 5. Ng5 d5 6. exd5 Nxd5 7. O-O Be7 8.
Nf3 f4 9. h3 Qd6 10. Bd2 Be6 11. Bxd5 Qxd5 12. Nc3 Qc5 13. a3 O-O-O 14. Re1 g5
15. Ne4 Qb6 16. Rb1 h6 17. Nc3 g4 18. Nxe5 g3 19. Qf3 Nd4 20. Qxf4 Nxc2 21. Re2
Rhg8 22. Be3 Nxe3 23. Rxe3 Bc5 24. Rxg3 Rxg3 25. Qxg3 Bxf2+ 26. Qxf2 Qxf2+ 27.
Kxf2 Rf8+ 28. Kg1 b6 29. Rf1 Rg8 30. Nc6 Kb7 31. Ne7 Rg7 32. Nf5 Rg5 33. Nxh6
Bxh3 34. Rf2 Bd7 35. Nf7 Rg3 36. d4 Re3 37. Rd2 Re1+ 38. Kf2 Re7 39. Ng5 Rg7
40. Nge4 Rf7+ 41. Kg3 Rg7+ 42. Kf2 Rf7+ 43. Kg1 Rg7 44. d5 Re7 45. d6 cxd6 46.
Nxd6+ Ka6 47. Rd4 b5 48. Re4 Rg7 49. Rf4 Bc6 50. Rf2 Rd7 51. Rf6 Kb6 52. Rg6 a6
53. g4 Kc7 54. Ne8+ Kb7 55. Rg7 Rxg7 56. Nxg7 Bd7 57. g5 Kc7 58. Kf2 Kd6 59.
Ke3 Ke7 60. Nd5+ Kf7 61. Nh5 Kg6 62. Nhf6 Be6 63. Kf4 a5 64. Nc7 Bc4 65. Ne4 b4
66. axb4 axb4 67. Nd2 Bd3 68. Nd5 b3 69. Nxb3 Bc4 70. Nc5 Bxd5 71. b4 Bc6 72.
Ne6 Bb5 73. Nf8+ Kg7 74. Ne6+ Kg6 75. Nf8+ Kg7 76. Ne6+ Kg6 1/2-1/2